Operating Systems Principles /

Acercamiento de carácter tradicional a los sistemas operativos, en que éstos trabajaban en ambientes centralizados, aunque integra las ideas de los sistemas de cómputo distribuido y paralelos, necesario en los grandes equipos de cómputo contemporáneos. Contenido: Administración del proceso y coordin...

Ausführliche Beschreibung

Gespeichert in:
Bibliographische Detailangaben
1. Verfasser: Bic, Lubomir F. (autor)
Weitere Verfasser: Shaw, Alan C. (autor) (autor)
Format: Buch
Sprache:Englisch
Veröffentlicht: Upper Saddle River, EUA : Prentice-Hall, 2003, c2003
Schlagworte:
Tags: Tag hinzufügen
Keine Tags, Fügen Sie das erste Tag hinzu!

MARC

LEADER 00000nam^a2200000^a^4500
001 000156054
005 20250521000000.0
009 20260310100450.714
020 |a 0-13-026611-6 
037 |a Acervo ITESO - Biblioteca 
041 |a ING 
082 |a 005. 43  |b BIC 
100 |a Bic, Lubomir F.  |e (autor) 
245 1 0 |a Operating Systems Principles /  |c L.F. Bic, A.C. Shaw. 
264 4 |a Upper Saddle River, EUA :  |b Prentice-Hall,  |c 2003, c2003 
300 |a XV, 543 p. 
336 |a texto  |b txt  |2 rdacontenido 
337 |a sin mediación  |b n  |2 rdamedio 
338 |a volumen  |b nc  |2 rdasoporte 
520 |a Acercamiento de carácter tradicional a los sistemas operativos, en que éstos trabajaban en ambientes centralizados, aunque integra las ideas de los sistemas de cómputo distribuido y paralelos, necesario en los grandes equipos de cómputo contemporáneos. Contenido: Administración del proceso y coordinación; Administración de la memoria; Administración de archivos y de entrada/salida; Protección y seguridad. 
649 |a XX 
650 |a Archivo de Datos -  |x Administración 
650 |a Proceso Electrónico de Datos 
650 |a Proceso en Paralelo 
650 |a Cómputo Distribuido 
650 |a Proceso de Datos 
650 |a Memorias (Ingeniería Computacional) 
650 |a Computadoras -  |x Seguridad 
650 |a Sistemas Operativos 
650 |a Sistemas Computacionales 
650 |a Ingeniería Computacional 
700 |a Shaw, Alan C.  |e (autor) 
910 |a Fondo General 
920 |a Impresos - Libros 
930 |a Colección General 
905 |a 101 
901 |a 0500083867  |b IT1  |c ACC  |u 20250521 
902 |a https://opac.biblio.iteso.mx/vufind/Record/000156054